Video y educación
Bewaard in:
| Hoofdauteur: | |
|---|---|
| Formaat: | Boek |
| Taal: | Spaans |
| Gepubliceerd in: |
Barcelona
Paidos
1992
|
| Reeks: | Papeles de pedagogia, 8
|
| Onderwerpen: | |
| Tags: |
Voeg label toe
Geen labels, Wees de eerste die dit record labelt!
|
MARC
| LEADER | 00000nam a2200000 a 4500 | ||
|---|---|---|---|
| 001 | UCX8234 | ||
| 003 | CL-VaPUC | ||
| 008 | 940315e19920000SP |||||||||||||||||spa|d | ||
| 082 | 0 | 4 | |a 371.3358 |b FER |2 21 |
| 100 | |a Ferrés, Joan |e author |9 469818 | ||
| 245 | 1 | 0 | |a Video y educación |
| 300 | |a 213 p | ||
| 942 | |c BK | ||
| 945 | |d 19940315 00:00:00 |a rbrito | ||
| 260 | |a Barcelona |b Paidos |c 1992 | ||
| 650 | 0 | |a Enseñanza audiovisual |9 268091 | |
| 650 | 0 | |a Cintas de video |9 325304 | |
| 650 | 0 | |a Métodos de enseñanza |9 270413 | |
| 583 | |a last modification |c 20180403 11:42:42 |k Rodrigo Vera | ||
| 490 | 0 | |a Papeles de pedagogia, 8 | |
| 999 | |c 227802 |d 227800 | ||
| 952 | |0 0 |1 0 |4 0 |6 371_335800000000000_FER_1992 |7 0 |8 A |9 227040 |a BIBEDU |b BIBEDU |d 2019-11-15 |i 2961520 |o 371.3358 FER 1992 |p 2961520 |r 2019-11-15 |w 2019-11-15 |y BK |k EDU | ||